Anciennes sous-préfectures de France - Statistiques

Statistiques générales
  • Ce quiz a été pris 30 fois
  • Le résultat moyen est 15 sur 68
Statistiques - réponses
Département Année de suppression Sous-préfecture % Correct
Aube 1926 Bar-sur-Seine
50%
Ille-et-Vilaine 1926 Vitré
50%
Loire-Atlantique 2017 Ancenis
46%
Alpes-de-Haute-Provence 1926 Sisteron
46%
Hautes-Alpes 1926 Embrun
42%
Haute-Saône 1926 Gray
42%
Marne 2017 Sainte-Menehould
42%
Calvados 1926 Falaise
38%
Aveyron 1926 Saint-Affrique
38%
Creuse 1926 Bourganeuf
33%
Allier 1926 Gannat
33%
Loiret 1926 Gien
33%
Drôme 1926 Montélimar
33%
Finistère 1926 Quimperlé
33%
Gers 1926 Lectoure
29%
Haut-Rhin 2015 Ribeauvillé
29%
Bas-Rhin 2015 Wissembourg
29%
Doubs 1926 Baume-les-Dames
25%
Savoie 1926 Moûtiers
25%
Pyrénées-Atlantiques 1926 Orthez
25%
Haute-Vienne 1926 Saint-Yrieix-la-Perche
25%
Yonne 1926 Tonnerre
25%
Aube 1926 Arcis-sur-Aube
21%
Moselle 2015 Boulay
21%
Creuse 1926 Boussac
21%
Côte-d'Or 1926 Châtillon-sur-Seine
21%
Aveyron 1926 Espalion
21%
Yonne 1926 Joigny
21%
Gironde 1926 La Réole
21%
Eure 1926 Louviers
21%
Charente-Maritime 1926 Marennes
21%
Deux-Sèvres 1926 Melle
21%
Vendée 1810 Montaigu
21%
Cantal 1926 Murat
21%
Morbihan 1926 Ploërmel
21%
Eure 1926 Pont-Audemer
21%
Charente 1926 Ruffec
21%
Cher 1926 Sancerre
21%
Charente 1926 Barbezieux-Saint-Hilaire
17%
Gironde 1926 Bazas
17%
Aude 1926 Castelnaudary
17%
Meurthe 1871 Château-Salins
17%
Seine-et-Marne 1926 Coulommiers
17%
Nord 1926 Hazebrouck
17%
Allier 1941 Lapalisse
17%
Vosges 1926 Mirecourt
17%
Seine-Maritime 1926 Neufchâtel-en-Bray
17%
Ardennes 1926 Rocroi
17%
Côte-d'Or 1926 Semur-en-Auxois
17%
Ain 1926 Trévoux
17%
Orne 1926 Domfront
13%
Gers 1926 Lombez
13%
Côtes-d'Armor 1926 Loudéac
13%
Pyrénees-Atlantiques 1926 Mauléon-Licharre
13%
Meuse 1926 Montmédy
13%
Loire-Atlantique 1926 Paimbœuf
13%
Calvados 1926 Pont-l'Evêque
13%
Alpes-Maritimes 1926 Puget-Théniers
13%
Doubs 1816 Saint-Hippolyte
13%
Loire-Atlantique 1868 Savenay
13%
Bouches-du-Rhône 1816 Tarascon
13%
Haute-Marne 1926 Wassy
13%
Maine-et-Loire 1926 Baugé
8%
Ille-et-Vilaine 1926 Montfort-sur-Meu
8%
Dordogne 1926 Ribérac
8%
Hérault 1926 Saint-Pons-de-Thomières
8%
Corse-du-Sud 1811 Vico
8%
Manche 1926 Mortain
4%
Aucun quiz correspondant
Distribution des résultats
% des personnes avec chaque résultat
Percentile par nombre de réponses
Votre historique - résultats
Vous n’avez pas pris ce quiz